Loading...
Bharathendhu aur anya sahayogi kavi/
| Main Author: | |
|---|---|
| Format: | Printed Book |
| Published: |
.
|
| LEADER | 00334nam a22001097a 4500 | ||
|---|---|---|---|
| 100 | |a Kishorilal Gupta | ||
| 245 | |a Bharathendhu aur anya sahayogi kavi/ |c Kishorilal Gupta | ||
| 260 | |a . | ||
| 300 | |a 440p. | ||
| 942 | |2 ddc |c BK | ||
| 999 | |c 243343 |d 243343 | ||
| 952 | |0 0 |1 0 |4 0 |7 0 |9 269901 |a HIN |b HIN |c S-16 |d 2012-04-16 |i 5119 |l 0 |p HIN5119 |r 2014-02-07 |w 2014-02-07 |y BK | ||